Statistics for Name the Artist

Click here to take the quiz!

General Stats

  • This quiz has been taken 72 times
  • The average score is 7 of 15

Answer Stats

Answer% Correct
Leonardo Da Vinci
100%
Michelangelo
94%
Vincent Van Gogh
88%
Claude Monet
82%
Rembrandt
77%
Auguste Rodin
65%
Raphael
57%
Pablo Picasso
49%
Georgia O'Keefe
32%
Edgar Degas
29%
Norman Rockwell
23%
Donatello
22%
El Greco
12%
Alexander of Antioch
3%
Francisco de Goya
2%

Score Distribution

Percentile by Number Answered

Percent of People with Each Score

Your Score History

You have not taken this quiz